[Event "DEM U14 2024"]
[Site "Willingen GER"]
[Date "2024.05.24"]
[Round "8"]
[White "Lu, Yunong Elias"]
[Black "Nuñez Grégoire, Daniel"]
[Result "0-1"]
[Termination "normal"]
[Board "6"]
[WhiteElo "1990"]
[BlackElo "1961"]
[WhiteClock "00:03:53"]
[BlackClock "00:14:47"]
[PlyCount "82"]
[WhiteFideId "16276426"]
[BlackFideId "34627103"]
[EventCountry "GER"]
[EventRounds "9"]
[EventType "swiss"]
[EventDate "2024.05.18"]

1. e4 {[%emt 00:00:05]} e5 {[%clk 01:30:57]} 2. Nf3 {[%emt 00:00:05]} Nc6
{[%clk 01:31:24]} {[%emt 00:00:02]} 3. Bc4 {[%clk 01:31:48]} {[%emt 00:00:04]}
Bc5 {[%clk 01:31:48]} {[%emt 00:00:06]} 4. d3 {[%emt 00:00:06]} Nf6 {[%emt
00:00:07]} 5. O-O {[%clk 01:32:39]} {[%emt 00:00:03]} h6 {[%clk 01:32:13]}
{[%emt 00:00:28]} 6. Re1 {[%clk 01:32:38]} {[%emt 00:00:31]} d6 {[%clk
01:32:21]} {[%emt 00:00:22]} 7. c3 {[%clk 01:33:04]} {[%emt 00:00:05]} O-O
{[%clk 01:32:23]} {[%emt 00:00:27]} 8. h3 {[%clk 01:33:31]} {[%emt 00:00:03]}
Bb6 {[%clk 01:32:10]} {[%emt 00:00:44]} 9. Nbd2 {[%clk 01:32:46]} {[%emt
00:01:15]} Re8 {[%clk 01:31:37]} {[%emt 00:01:02]} 10. Nf1 {[%emt 00:02:49]}
Be6 {[%emt 00:00:50]} 11. Bxe6 {[%emt 00:00:19]} Rxe6 {[%emt 00:00:12]} 12. Ng3
{[%emt 00:00:35]} d5 {[%clk 01:24:40]} {[%emt 00:06:09]} 13. Qe2 {[%clk
01:29:00]} {[%emt 00:03:18]} a6 {[%clk 01:21:31]} {[%emt 00:03:42]} 14. Nf5
{[%clk 01:26:12]} {[%emt 00:03:17]} dxe4 {[%clk 01:15:16]} {[%emt 00:06:45]}
15. dxe4 {[%clk 01:26:29]} {[%emt 00:00:13]} Ne7 {[%clk 01:14:13]} {[%emt
00:01:32]} 16. N3h4 {[%clk 01:21:48]} {[%emt 00:05:10]} Nxf5 {[%clk 01:11:03]}
{[%emt 00:03:42]} 17. Nxf5 {[%clk 01:21:56]} {[%emt 00:00:22]} Kh7 {[%clk
01:09:54]} {[%emt 00:01:39]} 18. a4 {[%clk 01:06:25]} {[%emt 00:16:00]} a5
{[%clk 01:07:53]} {[%emt 00:02:31]} 19. b4 {[%clk 01:04:50]} {[%emt 00:02:05]}
Ng8 {[%clk 01:04:47]} {[%emt 00:03:37]} 20. b5 {[%clk 00:57:54]} {[%emt
00:07:25]} Ne7 {[%clk 01:00:54]} {[%emt 00:04:23]} 21. Qc4 {[%clk 00:50:50]}
{[%emt 00:07:33]} Qd7 {[%clk 00:55:11]} {[%emt 00:06:15]} 22. Ne3 {[%clk
00:46:48]} {[%emt 00:04:31]} c6 {[%clk 00:52:09]} {[%emt 00:03:32]} 23. Rd1
{[%clk 00:40:49]} {[%emt 00:06:29]} Qe8 {[%clk 00:50:28]} {[%emt 00:02:10]} 24.
Ba3 {[%clk 00:28:37]} {[%emt 00:12:43]} Bxe3 {[%clk 00:48:09]} {[%emt
00:02:49]} 25. fxe3 {[%clk 00:28:34]} {[%emt 00:00:33]} b6 {[%clk 00:40:44]}
{[%emt 00:07:56]} 26. Rd6 {[%clk 00:23:01]} {[%emt 00:06:01]} Rxd6 {[%clk
00:36:34]} {[%emt 00:04:42]} 27. Bxd6 {[%clk 00:23:26]} {[%emt 00:00:05]} Rc8
{[%clk 00:34:44]} {[%emt 00:02:19]} 28. Qb3 {[%clk 00:09:30]} {[%emt 00:14:27]}
Ng6 {[%clk 00:33:25]} {[%emt 00:01:48]} 29. Rd1 {[%clk 00:08:59]} {[%emt
00:01:02]} Rd8 {[%clk 00:28:23]} {[%emt 00:05:32]} 30. Rd3 {[%clk 00:04:26]}
{[%emt 00:05:02]} Qd7 {[%clk 00:22:25]} {[%emt 00:06:27]} 31. Qc4 {[%clk
00:03:40]} {[%emt 00:01:17]} cxb5 {[%clk 00:20:15]} {[%emt 00:02:40]} 32. axb5
{[%clk 00:03:01]} {[%emt 00:01:10]} Ne7 {[%clk 00:18:24]} {[%emt 00:02:20]} 33.
Bxe7 {[%clk 00:03:04]} {[%emt 00:00:27]} Qxd3 {[%clk 00:17:49]} {[%emt
00:01:05]} 34. Qxf7 {[%clk 00:03:22]} {[%emt 00:00:11]} Qd7 {[%clk 00:16:53]}
{[%emt 00:01:26]} 35. Qf5+ {[%clk 00:01:57]} {[%emt 00:01:54]} Qxf5 {[%clk
00:17:11]} {[%emt 00:00:13]} 36. exf5 {[%clk 00:02:25]} {[%emt 00:00:03]} Rd7
{[%clk 00:16:09]} {[%emt 00:01:33]} 37. f6 {[%clk 00:02:32]} {[%emt 00:00:22]}
gxf6 {[%clk 00:16:12]} {[%emt 00:00:28]} 38. Bxf6 {[%clk 00:02:57]} {[%emt
00:00:05]} a4 {[%clk 00:15:49]} {[%emt 00:00:52]} 39. Bxe5 {[%clk 00:03:23]}
{[%emt 00:00:04]} a3 {[%clk 00:15:37]} {[%emt 00:00:43]} 40. Kf2 {[%clk
00:03:44]} {[%emt 00:00:08]} Rd2+ {[%clk 00:15:02]} {[%emt 00:01:05]} 41. Kf3
{[%clk 00:03:53]} {[%emt 00:00:21]} Rd5 {[%clk 00:14:47]} {[%emt 00:00:45]} 0-1

[Event "DEM U14 2024"]
[Site "Willingen GER"]
[Date "2024.05.24"]
[Round "8"]
[White "Stichter, Constantin Paul"]
[Black "Albrecht, Neil"]
[Result "1/2-1/2"]
[Termination "normal"]
[Board "7"]
[WhiteElo "2022"]
[BlackElo "1938"]
[WhiteClock "00:00:38"]
[BlackClock "00:02:33"]
[PlyCount "59"]
[WhiteFideId "34603140"]
[BlackFideId "34621091"]
[EventCountry "GER"]
[EventRounds "9"]
[EventType "swiss"]
[EventDate "2024.05.18"]

1. Nf3 {[%clk 01:30:43]} {[%emt 00:00:15]} d5 {[%clk 01:30:42]} {[%emt
00:00:18]} 2. e3 {[%clk 01:31:06]} {[%emt 00:00:07]} Nf6 {[%clk 01:30:33]}
{[%emt 00:00:40]} 3. c4 {[%clk 01:31:12]} {[%emt 00:00:24]} c6 {[%clk
01:30:16]} {[%emt 00:00:48]} 4. Nc3 {[%clk 01:31:01]} {[%emt 00:00:41]} Bg4
{[%clk 01:23:11]} {[%emt 00:07:34]} 5. cxd5 {[%clk 01:28:00]} {[%emt 00:03:31]}
Bxf3 {[%clk 01:18:57]} {[%emt 00:04:44]} 6. Qxf3 {[%clk 01:17:41]} {[%emt
00:10:48]} cxd5 {[%clk 01:17:15]} {[%emt 00:02:12]} 7. d4 {[%clk 01:10:37]}
{[%emt 00:07:34]} Nc6 {[%clk 01:14:46]} {[%emt 00:03:00]} 8. g4 {[%clk
01:04:44]} {[%emt 00:06:23]} e6 {[%clk 01:09:24]} {[%emt 00:05:52]} 9. Bd3
{[%clk 00:54:05]} {[%emt 00:11:08]} Rc8 {[%clk 00:59:55]} {[%emt 00:10:00]} 10.
Qg2 {[%clk 00:51:04]} {[%emt 00:03:31]} Bb4 {[%clk 00:53:08]} {[%emt 00:07:17]}
11. Bd2 {[%clk 00:45:18]} {[%emt 00:06:15]} a6 {[%clk 00:46:25]} {[%emt
00:07:14]} 12. g5 {[%clk 00:41:11]} {[%emt 00:04:37]} Bxc3 {[%clk 00:42:30]}
{[%emt 00:04:25]} 13. Bxc3 {[%clk 00:37:51]} {[%emt 00:03:50]} Nd7 {[%clk
00:38:44]} {[%emt 00:04:15]} 14. f4 {[%clk 00:30:01]} {[%emt 00:08:21]} Nb6
{[%clk 00:32:01]} {[%emt 00:07:13]} 15. O-O {[%clk 00:28:23]} {[%emt 00:02:08]}
g6 {[%clk 00:26:08]} {[%emt 00:06:22]} 16. Rae1 {[%clk 00:25:25]} {[%emt
00:03:28]} Ne7 {[%clk 00:25:09]} {[%emt 00:01:30]} 17. Bb4 {[%clk 00:23:06]}
{[%emt 00:02:49]} Nf5 {[%clk 00:23:55]} {[%emt 00:01:44]} 18. Bxf5 {[%clk
00:22:20]} {[%emt 00:01:16]} exf5 {[%clk 00:23:11]} {[%emt 00:01:14]} 19. b3
{[%clk 00:22:31]} {[%emt 00:00:19]} Qd7 {[%clk 00:21:35]} {[%emt 00:02:05]} 20.
Rc1 {[%clk 00:18:41]} {[%emt 00:04:20]} Rc6 {[%clk 00:20:48]} {[%emt 00:01:18]}
21. Rxc6 {[%clk 00:18:58]} {[%emt 00:00:13]} Qxc6 {[%clk 00:20:39]} {[%emt
00:00:39]} 22. Bc5 {[%clk 00:16:50]} {[%emt 00:02:38]} Nd7 {[%clk 00:17:33]}
{[%emt 00:03:36]} 23. Rc1 {[%clk 00:14:38]} {[%emt 00:02:42]} Qe6 {[%clk
00:16:37]} {[%emt 00:01:25]} 24. Ba3 {[%clk 00:02:08]} {[%emt 00:13:00]} Kd8
{[%clk 00:10:25]} {[%emt 00:06:42]} 25. Qd2 {[%clk 00:02:05]} {[%emt 00:00:34]}
Re8 {[%clk 00:08:45]} {[%emt 00:02:09]} 26. Kf2 {[%clk 00:02:20]} {[%emt
00:00:15]} Nb8 {[%clk 00:06:16]} {[%emt 00:02:59]} 27. Rc5 {[%clk 00:01:14]}
{[%emt 00:01:36]} Nc6 {[%clk 00:05:37]} {[%emt 00:01:09]} 28. Qe2 {[%clk
00:00:52]} {[%emt 00:00:53]} b6 {[%clk 00:04:56]} {[%emt 00:01:11]} 29. Rc3
{[%clk 00:00:41]} {[%emt 00:00:40]} Qc8 {[%clk 00:02:33]} {[%emt 00:02:53]} 30.
Qf3 {[%clk 00:00:38]} {[%emt 00:00:33]} 1/2-1/2

[Event "DEM U14 2024"]
[Site "Willingen GER"]
[Date "2024.05.24"]
[Round "8"]
[White "Türel, Tugrul"]
[Black "Yasmo, Daniil"]
[Result "1-0"]
[Termination "normal"]
[Board "8"]
[WhiteElo "2070"]
[BlackElo "2067"]
[WhiteClock "00:50:03"]
[BlackClock "00:53:49"]
[PlyCount "43"]
[WhiteFideId "26338408"]
[BlackFideId "14199165"]
[EventCountry "GER"]
[EventRounds "9"]
[EventType "swiss"]
[EventDate "2024.05.18"]

1. e4 {[%clk 01:30:54]} {[%emt 00:00:06]} e5 {[%clk 01:30:57]} {[%emt
00:00:03]} 2. Nf3 {[%clk 01:31:17]} {[%emt 00:00:07]} Nc6 {[%clk 01:31:23]}
{[%emt 00:00:04]} 3. Bc4 {[%clk 01:30:58]} {[%emt 00:00:49]} Bc5 {[%clk
01:31:48]} {[%emt 00:00:05]} 4. c3 {[%clk 01:31:24]} {[%emt 00:00:05]} Nf6
{[%clk 01:32:14]} {[%emt 00:00:03]} 5. d3 {[%clk 01:31:40]} {[%emt 00:00:14]}
O-O {[%clk 01:32:25]} {[%emt 00:00:18]} 6. Bg5 {[%clk 01:31:10]} h6 {[%clk
01:30:29]} {[%emt 00:03:27]} 7. Bh4 {[%clk 01:31:29]} d6 {[%clk 01:29:38]}
{[%emt 00:01:33]} 8. Nbd2 {[%clk 01:27:23]} a5 {[%clk 01:29:21]} {[%emt
00:05:22]} 9. h3 {[%clk 01:23:51]} {[%emt 00:04:02]} Be6 {[%clk 01:27:31]}
{[%emt 00:02:20]} 10. g4 {[%clk 01:13:16]} {[%emt 00:11:05]} Qd7 {[%clk
01:20:36]} {[%emt 00:07:25]} 11. Bxf6 {[%clk 01:11:14]} {[%emt 00:02:32]} gxf6
{[%clk 01:21:03]} {[%emt 00:00:03]} 12. Nh4 {[%clk 01:08:25]} {[%emt 00:03:20]}
d5 {[%clk 01:16:24]} {[%emt 00:05:09]} 13. exd5 {[%clk 01:07:30]} {[%emt
00:01:23]} Bxd5 {[%clk 01:16:51]} {[%emt 00:00:04]} 14. Bxd5 {[%clk 01:07:46]}
{[%emt 00:00:13]} Qxd5 {[%clk 01:17:18]} {[%emt 00:00:04]} 15. Ne4 {[%clk
01:08:11]} {[%emt 00:00:05]} Kg7 {[%clk 01:04:07]} {[%emt 00:13:41]} 16. Nf5+
{[%clk 01:06:23]} {[%emt 00:02:17]} Kg6 {[%clk 01:04:34]} {[%emt 00:00:04]} 17.
h4 {[%clk 00:56:31]} {[%emt 00:10:22]} h5 {[%clk 01:00:30]} {[%emt 00:04:34]}
18. Qf3 {[%clk 00:56:56]} Qd8 {[%clk 00:54:51]} {[%emt 00:06:13]} 19. Nxc5
{[%clk 00:55:35]} Kh7 {[%clk 00:55:11]} {[%emt 00:02:02]} 20. g5 {[%emt
00:07:51]} Rh8 {[%clk 00:53:24]} 21. Qxh5+ {[%clk 00:50:16]} Kg8 {[%clk
00:53:49]} {[%emt 00:00:50]} 22. Nh6+ {[%clk 00:50:03]} 1-0

[Event "DEM U14 2024"]
[Site "Willingen GER"]
[Date "2024.05.24"]
[Round "8"]
[White "Geist, Tim"]
[Black "Mündörfer, Sebastian"]
[Result "0-1"]
[Termination "normal"]
[Board "9"]
[WhiteElo "2007"]
[BlackElo "1914"]
[WhiteClock "00:40:01"]
[BlackClock "00:41:31"]
[PlyCount "70"]
[WhiteFideId "34604324"]
[BlackFideId "34604367"]
[EventCountry "GER"]
[EventRounds "9"]
[EventType "swiss"]
[EventDate "2024.05.18"]

1. e4 {[%clk 01:30:34]} {[%emt 00:00:24]} c6 {[%clk 01:30:42]} {[%emt
00:00:19]} 2. d4 {[%clk 01:30:59]} {[%emt 00:00:08]} d5 {[%clk 01:31:04]}
{[%emt 00:00:07]} 3. e5 {[%clk 01:31:26]} {[%emt 00:00:01]} Bf5 {[%clk
01:31:14]} {[%emt 00:00:18]} 4. h4 {[%clk 01:31:52]} {[%emt 00:00:05]} h5
{[%clk 01:31:17]} {[%emt 00:00:28]} 5. Bd3 {[%clk 01:32:17]} {[%emt 00:00:05]}
Bxd3 {[%clk 01:31:13]} {[%emt 00:00:34]} 6. Qxd3 {[%clk 01:32:43]} {[%emt
00:00:04]} e6 {[%clk 01:30:52]} {[%emt 00:00:52]} 7. Bg5 {[%clk 01:33:09]}
{[%emt 00:00:03]} Qb6 {[%clk 01:29:47]} {[%emt 00:01:34]} 8. Nd2 {[%clk
01:33:34]} {[%emt 00:00:06]} c5 {[%clk 01:28:50]} {[%emt 00:01:27]} 9. c4
{[%clk 01:34:01]} {[%emt 00:00:03]} Nc6 {[%clk 01:27:21]} {[%emt 00:01:59]} 10.
cxd5 {[%clk 01:33:44]} {[%emt 00:00:48]} Nb4 {[%clk 01:26:00]} {[%emt
00:01:51]} 11. Qb1 {[%clk 01:33:30]} {[%emt 00:00:43]} exd5 {[%clk 01:23:49]}
{[%emt 00:02:41]} 12. a3 {[%clk 01:33:34]} {[%emt 00:00:26]} Nc6 {[%clk
01:21:14]} {[%emt 00:03:04]} 13. e6 {[%clk 01:32:27]} {[%emt 00:01:38]} Nxd4
{[%clk 01:19:16]} {[%emt 00:02:29]} 14. exf7+ {[%clk 01:31:58]} {[%emt
00:00:58]} Kxf7 {[%clk 01:19:38]} {[%emt 00:00:08]} 15. Rh3 {[%clk 01:31:05]}
{[%emt 00:01:23]} Nf6 {[%clk 01:17:59]} {[%emt 00:02:10]} 16. Be3 {[%clk
01:28:42]} {[%emt 00:02:52]} Re8 {[%clk 01:10:58]} {[%emt 00:07:31]} 17. Ngf3
{[%clk 01:26:09]} {[%emt 00:03:03]} g6 {[%clk 01:09:18]} {[%emt 00:02:10]} 18.
Kf1 {[%clk 01:09:34]} {[%emt 00:17:05]} Nf5 {[%clk 01:07:21]} {[%emt 00:02:27]}
19. Bg5 {[%clk 00:59:53]} {[%emt 00:10:10]} Ng4 {[%clk 01:05:19]} {[%emt
00:02:31]} 20. Kg1 {[%clk 00:55:03]} {[%emt 00:05:22]} c4 {[%clk 01:00:09]}
{[%emt 00:05:40]} 21. Qf1 {[%clk 00:47:36]} {[%emt 00:07:57]} Nxf2 {[%clk
00:55:37]} {[%emt 00:05:02]} 22. Qxf2 {[%clk 00:44:01]} {[%emt 00:04:04]} Bc5
{[%clk 00:55:45]} {[%emt 00:00:23]} 23. Qxc5 {[%clk 00:44:23]} {[%emt
00:00:08]} Qxc5+ {[%clk 00:56:08]} {[%emt 00:00:06]} 24. Kh1 {[%clk 00:44:50]}
{[%emt 00:00:03]} d4 {[%clk 00:55:12]} {[%emt 00:01:26]} 25. Bf4 {[%clk
00:45:01]} {[%emt 00:00:18]} c3 {[%clk 00:54:10]} {[%emt 00:01:33]} 26. bxc3
{[%clk 00:45:09]} {[%emt 00:00:22]} dxc3 {[%clk 00:54:32]} {[%emt 00:00:09]}
27. Ng5+ {[%clk 00:45:19]} {[%emt 00:00:19]} Kg7 {[%clk 00:51:56]} {[%emt
00:03:06]} 28. Nde4 {[%clk 00:45:44]} {[%emt 00:00:05]} Qd4 {[%clk 00:52:09]}
{[%emt 00:00:18]} 29. Rxc3 {[%clk 00:42:28]} {[%emt 00:03:45]} Rxe4 {[%clk
00:51:12]} {[%emt 00:01:27]} 30. Nxe4 {[%clk 00:42:53]} {[%emt 00:00:05]} Qxe4
{[%clk 00:51:29]} {[%emt 00:00:14]} 31. Rc7+ {[%clk 00:43:20]} {[%emt
00:00:03]} Ne7 {[%clk 00:43:38]} {[%emt 00:08:21]} 32. Bg5 {[%clk 00:43:32]}
{[%emt 00:00:18]} Re8 {[%clk 00:44:00]} {[%emt 00:00:08]} 33. Rf1 {[%clk
00:43:18]} {[%emt 00:00:43]} Kg8 {[%clk 00:43:11]} {[%emt 00:01:19]} 34. Rf3
{[%clk 00:40:09]} {[%emt 00:03:39]} Nf5 {[%clk 00:42:12]} {[%emt 00:01:30]} 35.
Rcc3 {[%clk 00:40:01]} {[%emt 00:00:37]} Nxh4 {[%clk 00:41:31]} {[%emt
00:01:11]} 0-1

[Event "DEM U14 2024"]
[Site "Willingen GER"]
[Date "2024.05.24"]
[Round "8"]
[White "Malinowsky, Levi"]
[Black "Goldkuhle, Collin"]
[Result "1-0"]
[Termination "normal"]
[Board "10"]
[WhiteTitle "CM"]
[WhiteElo "1990"]
[BlackElo "1909"]
[WhiteClock "00:19:38"]
[BlackClock "00:43:35"]
[PlyCount "83"]
[WhiteFideId "16253094"]
[BlackFideId "16271106"]
[EventCountry "GER"]
[EventRounds "9"]
[EventType "swiss"]
[EventDate "2024.05.18"]

1. e4 {[%clk 01:30:57]} {[%emt 00:00:02]} c5 {[%clk 01:30:56]} {[%emt
00:00:04]} 2. Nf3 {[%clk 01:31:22]} {[%emt 00:00:05]} Nc6 {[%clk 01:31:22]}
{[%emt 00:00:05]} 3. d4 {[%clk 01:31:42]} {[%emt 00:00:10]} cxd4 {[%clk
01:31:46]} {[%emt 00:00:05]} 4. Nxd4 {[%clk 01:32:07]} {[%emt 00:00:06]} g6
{[%clk 01:31:57]} {[%emt 00:00:22]} 5. Nc3 {[%clk 01:32:08]} {[%emt 00:00:25]}
Bg7 {[%clk 01:32:22]} {[%emt 00:00:06]} 6. Be3 {[%clk 01:32:28]} {[%emt
00:00:09]} Nf6 {[%clk 01:32:47]} {[%emt 00:00:06]} 7. Bc4 {[%clk 01:32:17]}
{[%emt 00:00:40]} O-O {[%clk 01:33:10]} {[%emt 00:00:07]} 8. Bb3 {[%clk
01:31:59]} {[%emt 00:00:49]} d5 {[%clk 01:32:02]} {[%emt 00:01:38]} 9. exd5
{[%clk 01:28:44]} {[%emt 00:03:44]} Na5 {[%clk 01:32:14]} {[%emt 00:00:18]} 10.
O-O {[%clk 01:22:21]} {[%emt 00:06:52]} Nxb3 {[%clk 01:32:39]} {[%emt
00:00:06]} 11. Nxb3 {[%clk 01:22:29]} {[%emt 00:00:22]} b6 {[%clk 01:33:06]}
{[%emt 00:00:04]} 12. Qd2 {[%clk 01:19:09]} {[%emt 00:03:49]} Qd7 {[%clk
01:28:14]} {[%emt 00:05:23]} 13. Rad1 {[%clk 01:15:41]} {[%emt 00:03:57]} Rd8
{[%clk 01:28:08]} {[%emt 00:00:37]} 14. Rfe1 {[%clk 01:12:55]} {[%emt
00:03:15]} Bb7 {[%emt 00:02:54]} 15. Bh6 {[%clk 01:06:09]} {[%emt 00:07:14]}
Bh8 {[%clk 01:23:26]} {[%emt 00:02:50]} 16. Qe2 {[%clk 01:00:40]} {[%emt
00:05:59]} Nxd5 {[%clk 01:15:04]} {[%emt 00:08:53]} 17. Nxd5 {[%clk 00:50:24]}
{[%emt 00:10:46]} Bxd5 {[%clk 01:15:20]} {[%emt 00:00:13]} 18. h3 {[%clk
00:47:09]} {[%emt 00:03:44]} Qc6 {[%clk 01:13:31]} {[%emt 00:02:21]} 19. Nd4
{[%clk 00:42:41]} {[%emt 00:04:58]} Qc5 {[%clk 01:10:09]} {[%emt 00:03:52]} 20.
Qg4 {[%clk 00:31:50]} {[%emt 00:11:20]} e5 {[%clk 01:03:35]} {[%emt 00:07:04]}
21. Nf3 {[%clk 00:31:12]} {[%emt 00:01:08]} Be6 {[%clk 00:54:36]} {[%emt
00:09:29]} 22. Qh4 {[%clk 00:29:39]} {[%emt 00:02:03]} f6 {[%clk 00:51:21]}
{[%emt 00:03:45]} 23. Rxd8+ {[%clk 00:27:42]} {[%emt 00:02:28]} Rxd8 {[%clk
00:51:42]} {[%emt 00:00:09]} 24. Nxe5 {[%clk 00:26:18]} {[%emt 00:01:53]} Rd4
{[%clk 00:48:20]} {[%emt 00:03:52]} 25. Ng4 {[%clk 00:26:10]} {[%emt 00:00:38]}
Bxg4 {[%clk 00:41:56]} {[%emt 00:06:55]} 26. hxg4 {[%clk 00:23:47]} {[%emt
00:02:51]} Qc8 {[%clk 00:41:00]} {[%emt 00:01:27]} 27. Qg3 {[%clk 00:22:54]}
{[%emt 00:01:23]} Rxg4 {[%clk 00:39:54]} {[%emt 00:01:36]} 28. Qb3+ {[%clk
00:18:51]} {[%emt 00:04:33]} Qc4 {[%clk 00:39:39]} {[%emt 00:00:45]} 29. Re8+
{[%clk 00:18:41]} {[%emt 00:00:40]} Kf7 {[%clk 00:40:03]} {[%emt 00:00:07]} 30.
Rxh8 {[%clk 00:16:42]} {[%emt 00:02:29]} Ke7 {[%clk 00:40:25]} {[%emt
00:00:07]} 31. Rxh7+ {[%clk 00:16:59]} {[%emt 00:00:13]} Kd6 {[%clk 00:40:48]}
{[%emt 00:00:07]} 32. Bf8+ {[%clk 00:16:58]} {[%emt 00:00:31]} Ke5 {[%clk
00:41:02]} {[%emt 00:00:16]} 33. Re7+ {[%clk 00:17:11]} {[%emt 00:00:17]} Kf5
{[%clk 00:41:21]} {[%emt 00:00:11]} 34. Qxc4 {[%clk 00:17:16]} {[%emt
00:00:25]} Rxc4 {[%clk 00:41:38]} {[%emt 00:00:13]} 35. Re2 {[%clk 00:17:32]}
{[%emt 00:00:14]} Rd4 {[%clk 00:41:51]} {[%emt 00:00:17]} 36. f3 {[%clk
00:17:26]} {[%emt 00:00:36]} Rd8 {[%clk 00:41:59]} {[%emt 00:00:22]} 37. Bb4
{[%clk 00:17:42]} {[%emt 00:00:14]} a5 {[%clk 00:42:17]} {[%emt 00:00:13]} 38.
Bc3 {[%clk 00:18:05]} {[%emt 00:00:06]} Rd1+ {[%clk 00:42:34]} {[%emt
00:00:12]} 39. Re1 {[%clk 00:18:28]} {[%emt 00:00:07]} Rd5 {[%clk 00:42:58]}
{[%emt 00:00:06]} 40. Kf2 {[%clk 00:18:50]} {[%emt 00:00:09]} g5 {[%clk
00:43:14]} {[%emt 00:00:13]} 41. g4+ {[%clk 00:19:14]} {[%emt 00:00:07]} Kg6
{[%clk 00:43:35]} {[%emt 00:00:09]} 42. Re6 {[%clk 00:19:38]} {[%emt 00:00:06]}
1-0